Les dossiers de l'ingénierie éducative. No 46 (Record no. 3574)

MARC details
000 -LEADER
fixed length control field 01214nas a2200265 4500
008 - FIXED-LENGTH DATA ELEMENTS--GENERAL INFORMATION
fixed length control field s2004 fr fre u
020 ## - INTERNATIONAL STANDARD BOOK NUMBER
International Standard Book Number 9771244654007
040 ## - CATALOGING SOURCE
Original cataloging agency LB-BrCRDP
082 1# - DEWEY DECIMAL CLASSIFICATION NUMBER
Classification number 070.4
Item number DOS
245 14 - TITLE STATEMENT
Title Les dossiers de l'ingénierie éducative. No 46
Remainder of title Les nouveaux espaces numériques d'éducation
260 ## - PUBLICATION, DISTRIBUTION, ETC.
Place of publication, distribution, etc. Paris
Name of publisher, distributor, etc. CNDP
Date of publication, distribution, etc. Mars 2004
300 ## - PHYSICAL DESCRIPTION
Extent 68 p.
Other physical details couv. couleur, ill. coul.
Dimensions 30 cm
500 ## - GENERAL NOTE
General note Sommaire.
520 ## - SUMMARY, ETC.
Summary, etc. Les espaces numériques de travail et l'espace numérique des savoirs intéressent l'organisation des établissements scolaires. Ils obligent à faire preuve d'une cohérence renforcée au niveau de l'établissement et des récentes communautés éducatives délocalisées qui doivent maîtriser une profusion de services , des ressources éparpillées et de nouveaux usages.
650 4# - SUBJECT ADDED ENTRY--TOPICAL TERM
Topical term or geographic name entry element Pratique pédagogique
650 4# - SUBJECT ADDED ENTRY--TOPICAL TERM
Topical term or geographic name entry element Education
650 4# - SUBJECT ADDED ENTRY--TOPICAL TERM
Topical term or geographic name entry element Enseignement
650 4# - SUBJECT ADDED ENTRY--TOPICAL TERM
Topical term or geographic name entry element TICE (technologies de l'information et de la communication dans l'enseignement)
650 4# - SUBJECT ADDED ENTRY--TOPICAL TERM
Topical term or geographic name entry element Internet
650 4# - SUBJECT ADDED ENTRY--TOPICAL TERM
Topical term or geographic name entry element Innovation technique
650 4# - SUBJECT ADDED ENTRY--TOPICAL TERM
Topical term or geographic name entry element Activités pédagogiques
650 4# - SUBJECT ADDED ENTRY--TOPICAL TERM
Topical term or geographic name entry element Logiciels
942 ## - ADDED ENTRY ELEMENTS (KOHA)
Koha item type Continuing Resources
Holdings
Withdrawn status Lost status Source of classification or shelving scheme Damaged status Not for loan Home library Current library Shelving location Date acquired Source of acquisition Cost, normal purchase price Total Checkouts Full call number Barcode Date last seen Copy number Price effective from Koha item type
    Dewey Decimal Classification     مكتبة دار المعلمين و المعلمات - زحلة مكتبة دار المعلمين و المعلمات - زحلة Salle de Lecture 04/27/2009 Amb. de France 5.50   070.4 DOS CRZ3850 07/27/2016 1 07/27/2016 Continuing Resources